চরক-সংহিতা : (Record no. 109083)
[ view plain ]
| 000 -LEADER | |
|---|---|
| fixed length control field | 00883nam a22002057a 4500 |
| 003 - CONTROL NUMBER IDENTIFIER | |
| control field | BD-DhUL |
| 005 - DATE AND TIME OF LATEST TRANSACTION | |
| control field | 20181106104838.0 |
| 008 - FIXED-LENGTH DATA ELEMENTS--GENERAL INFORMATION | |
| fixed length control field | 161016s19892015ii |||| |||| 000 0 ben d |
| 040 ## - CATALOGING SOURCE | |
| Original cataloging agency | BD-DhUL |
| Transcribing agency | BD-DhUL |
| 082 ## - DEWEY DECIMAL CLASSIFICATION NUMBER | |
| Classification number | 615.32 |
| Item number | CHA |
| 245 00 - TITLE STATEMENT | |
| Title | চরক-সংহিতা : |
| Remainder of title | খণ্ড ৬ / |
| Statement of responsibility, etc. | সম্পাদক ব্রজেন্দ্রচন্দ্র নাগ । |
| 260 ## - PUBLICATION, DISTRIBUTION, ETC. (IMPRINT) | |
| Place of publication, distribution, etc. | কলিকাতা : |
| Name of publisher, distributor, etc. | নবপত্র, |
| Date of publication, distribution, etc. | ১৯৯১( ২০১৫) |
| 300 ## - PHYSICAL DESCRIPTION | |
| Extent | খ. ; |
| Dimensions | ২২ সেমি. |
| 365 ## - TRADE PRICE | |
| Price type code | IRS |
| Price amount | 150.00 |
| 505 ## - FORMATTED CONTENTS NOTE | |
| Formatted contents note | সূচী: খ. ৬। কল্পস্থানম সিদ্ধিস্থানম । |
| 650 #0 - SUBJECT ADDED ENTRY--TOPICAL TERM | |
| Topical term or geographic name as entry element | আয়ুর্বেদী ঔষধ । |
| 650 #0 - SUBJECT ADDED ENTRY--TOPICAL TERM | |
| Topical term or geographic name as entry element | Ayurvedic medicine. |
| 700 1# - ADDED ENTRY--PERSONAL NAME | |
| Personal name | নাগ, ব্রজেন্দ্রচন্দ্র । |
| Relator term | সম্পাদক |
| 942 ## - ADDED ENTRY ELEMENTS (KOHA) | |
| Source of classification or shelving scheme | |
| Koha item type | Books |
| Price effective from | Date last seen | Permanent Location | Not for loan | Date acquired | Source of classification or shelving scheme | Koha item type | Lost status | Withdrawn status | Copy number | Source of acquisition | Collection code | Damaged status | Shelving location | Barcode | Current Location | Full call number |
|---|---|---|---|---|---|---|---|---|---|---|---|---|---|---|---|---|
| 2016-10-16 | 2016-10-16 | Dhaka University Library | 2003-06-30 | Books | 2 | Purchased | Non Fiction | General Stacks | 407142 | Dhaka University Library | 615.32 CHA | |||||
| 2016-10-16 | 2016-10-16 | Dhaka University Library | 2003-06-30 | Books | 1 | Purchased | Non Fiction | General Stacks | 407141 | Dhaka University Library | 615.32 CHA | |||||
| 2018-11-06 | 2018-11-06 | Dhaka University Library | 2018-11-06 | Books | 3 | Purchased | Non Fiction | General Stacks | 507089 | Dhaka University Library | 615.32 CHA | |||||
| 2018-11-06 | 2018-11-06 | Dhaka University Library | 2018-11-06 | Books | 4 | Purchased | Non Fiction | General Stacks | 507095 | Dhaka University Library | 615.32 CHA |
